Tentativa de bibliografía razonada de la Rusia contemporánea

שמור ב:
מידע ביבליוגרפי
מחבר ראשי: Falcionelli, Alberto (Author)
פורמט: ספר
שפה:ספרדית
יצא לאור: Mendoza Universidad Nacional de Cuyo 1961
מהדורה:1a. ed
סדרה:Cuadernos de la Biblioteca, 1
נושאים:
תגים: הוספת תג
אין תגיות, היה/י הראשונ/ה לתייג את הרשומה!

MARC

LEADER 00000nam a2200000 a 4500
001 UCH2419
003 CL-VaPUC
008 090611e19610412AG |||||||||||||||||spa|d
082 0 4 |a 015.47  |b FAL  |2 21 
100 0 |a Falcionelli, Alberto  |e author  |9 537225 
245 1 0 |a Tentativa de bibliografía razonada de la Rusia contemporánea 
250 |a 1a. ed 
300 |a 125 p 
942 |c BK 
945 |d 20090611 00:00:00  |a dcastane 
260 |a Mendoza  |b Universidad Nacional de Cuyo  |c 1961 
650 0 |a Bibliografías   |9 257071 
651 0 |a Rusia   |9 256106 
583 |a last modification  |c 20090611 00:00:00  |k Rodrigo Vera 
490 0 |a Cuadernos de la Biblioteca, 1 
999 |c 334159  |d 334157 
952 |0 0  |1 0  |4 0  |6 015_470000000000000_FAL_1961  |7 0  |8 X  |9 422992  |a FDOBUD  |b FDOBUD  |d 2019-11-22  |i 4555945  |o 015.47 FAL 1961  |p 4555945  |r 2019-11-22  |w 2019-11-22  |y BK_X  |k BUD